Top 25 Smartest Animals - Statistics

General Stats
  • This quiz has been taken 504 times
  • The average score is 12 of 25
Answer Stats
# Animal % Correct
6 Dog
90%
10 Cat
88%
3 Bottlenose Dolphin
86%
1 Chimpanzee
78%
8 Elephant
72%
5 Whale
69%
2 Pig
68%
15 Horse
66%
14 Rhesus Monkey
65%
12 Rat
56%
20 Orangutan
54%
4 Parrot
53%
18 Crow
49%
7 Octopus
42%
17 Sheep
39%
23 Ant
33%
11 Owl
28%
19 Pigeon
28%
16 Raccoon
28%
24 Spider
28%
9 Squirrel
27%
22 Baboon
25%
25 Squid
23%
21 Sea Lion
19%
13 Falcon
15%
No matching quizzes found
Score Distribution
Percent of People with Each Score
Percentile by Number Answered
Your Score History
You have not taken this quiz